Don't Let's Go to the Dogs Tonight : (Record no. 5046)
[ view plain ]
| 000 -LEADER | |
|---|---|
| fixed length control field | 01045nam a22002537a 4500 |
| 001 - CONTROL NUMBER | |
| control field | 5046 |
| 003 - CONTROL NUMBER IDENTIFIER | |
| control field | FISKH |
| 005 - DATE AND TIME OF LATEST TRANSACTION | |
| control field | 20241101151139.0 |
| 008 - FIXED-LENGTH DATA ELEMENTS--GENERAL INFORMATION | |
| fixed length control field | 241101b cb ||||| |||| 00| 0 eng d |
| 020 ## - INTERNATIONAL STANDARD BOOK NUMBER | |
| International Standard Book Number | 9780375758997 |
| 040 ## - CATALOGING SOURCE | |
| Original cataloging agency | FISKH |
| Language of cataloging | eng |
| Transcribing agency | FISKH |
| Modifying agency | FISKH |
| 050 ## - LIBRARY OF CONGRESS CALL NUMBER | |
| Classification number | DT2990.F85 |
| 082 ## - DEWEY DECIMAL CLASSIFICATION NUMBER | |
| Classification number | 968.9104092 |
| 100 ## - MAIN ENTRY--PERSONAL NAME | |
| Personal name | Fuller, Alexandra |
| 245 ## - TITLE STATEMENT | |
| Title | Don't Let's Go to the Dogs Tonight : |
| Remainder of title | An African Childhood / |
| Statement of responsibility, etc. | by Alexandra Fuller |
| 260 ## - PUBLICATION, DISTRIBUTION, ETC. | |
| Place of publication, distribution, etc. | New York : |
| Name of publisher, distributor, etc. | Random House Trade Paperback ; |
| Date of publication, distribution, etc. | 2001 . |
| 300 ## - PHYSICAL DESCRIPTION | |
| Extent | 311 pages : |
| Other physical details | illustrations ; |
| Dimensions | 21 cm . |
| 490 ## - SERIES STATEMENT | |
| Series statement | Alexandra Fuller Memoirs |
| Volume/sequential designation | Book 1 |
| 520 ## - SUMMARY, ETC. | |
| Summary, etc. | Fuller's recollections of growing up white in civil-war-torn Rhodesia in the 1970s. She recounts her family's tragedies, including the deaths of children and the dispossession of their home, and their struggles with racism, revolutionary politics, and survival. Strong language. Bestseller. 2001 |
| 650 ## - SUBJECT ADDED ENTRY--TOPICAL TERM | |
| Topical term or geographic name entry element | Zimbabwe |
| Form subdivision | non-fiction |
| 700 ## - ADDED ENTRY--PERSONAL NAME | |
| Personal name | Inge de, Heer |
| Relator term | translator |
| 942 ## - ADDED ENTRY ELEMENTS (KOHA) | |
| Source of classification or shelving scheme | Dewey Decimal Classification |
| Koha item type | Books |
| Suppress in OPAC | No |
| Withdrawn status | Lost status | Source of classification or shelving scheme | Damaged status | Not for loan | Collection | Home library | Current library | Shelving location | Date acquired | Total Checkouts | Full call number | Barcode | Date last seen | Price effective from | Koha item type |
|---|---|---|---|---|---|---|---|---|---|---|---|---|---|---|---|
| Dewey Decimal Classification | Non-Fiction | Footprints International School Library Network Toul Kork Campus | Footprints International School Library Network Toul Kork Campus | TTP Secondary Non-Fiction Bookshelves | 11/01/2024 | FUL 968.9104092 DT2990.F85 | FISSE03296 | 11/01/2024 | 11/01/2024 | Books |
